|
|
|
|
| LEADER |
00995nta a2200229 i 4500 |
| 001 |
dokt10422 |
| 005 |
20221012131749.0 |
| 008 |
200214s2020 hu om 0|| eng d |
| 024 |
7 |
|
|a 10.14232/phd.10422
|2 doi
|
| 024 |
7 |
|
|a 31390008
|2 mtmt
|
| 040 |
|
|
|a SZTE Doktori Repozitórium
|b hun
|
| 041 |
|
|
|a eng
|
| 100 |
1 |
|
|a Jakab Andrea Emese
|
| 245 |
1 |
0 |
|a Childhood Obesity and its Impact on Blood Pressure
|h [elektronikus dokumentum] /
|c Jakab Andrea Emese
|
| 246 |
1 |
0 |
|a Gyermekkori elhízás és annak hatása a vérnyomásra
|h [elektronikus dokumentum]
|
| 260 |
|
|
|c 2020-02-26
|
| 502 |
|
|
|a Disszertacio
|
| 650 |
|
4 |
|a klinikai orvostudományok
|
| 700 |
1 |
|
|a Bereczki Csaba
|e ths
|
| 856 |
4 |
0 |
|u https://doktori.bibl.u-szeged.hu/id/eprint/10422/1/Disszert%C3%A1ci%C3%B3_Jakab.pdf
|z Dokumentum-elérés
|
| 856 |
4 |
0 |
|u https://doktori.bibl.u-szeged.hu/id/eprint/10422/2/Thesis_Jakab.pdf
|z Dokumentum-elérés
|
| 856 |
4 |
0 |
|u https://doktori.bibl.u-szeged.hu/id/eprint/10422/3/Magyar%20t%C3%A9zis.pdf
|z Dokumentum-elérés
|